Les citation dans Star Wars - Statistiques

Statistiques générales
  • Ce quiz a été pris 2 188 fois
    2 186 depuis la dernière actualisation
  • Le résultat moyen est 14 sur 18
Statistiques - réponses
Réplique Personnage % Correct
Luke, je suis ton père. Dark Vador
97%
Au secours Obi-Wan Kenobi, vous êtes mon seul espoir. Leia Organa
96%
Je ne viendrais jamais du côté obscur. Vous avez échoué votre Altesse. Je suis un Jedi comme mon père l'avait été avant moi. Luke Skywalker
96%
Nous étions comme des frères. Je t'aimais Anakin ! Obi Wan Kenobi
96%
Pour une fois, laisse moi te regarder avec mes propres yeux. Anakin Skywalker
92%
Quand 900 ans comme moi tu auras, moins en forme tu seras ! Maître Yoda
92%
La peur est le chemin vers le côté obscur: la peur mène à la colère, le colère mène à la haine, la haine mène à la souffrance. Maître Yoda
91%
Maintenant jeune Skywalker, tu vas mourir. Dark Sidious
90%
Je bats les engins de l'Empire en vitesse lumière. Attention, j'parle pas de ces croiseurs, je vous parle des modèles de combat corelliens. Il va assez vite mon vieux t'en fais pas! Han solo
87%
Fais le ou ne le fais pas. Il n'y a pas d'essai. Maitre Yoda
84%
La force sera avec toi, toujours. Obi Wan Kenobi
83%
Un droïde ça ne broie pas le bras de son adversaire quand il perd au jeu. Alors qu’un wookie, lui, il s’en prive pas ! Han Solo
75%
C'est donc ainsi que s'achève la liberté, sous un tonnerre d'applaudissements. Padmé Amidala
74%
Je vais vous sortir de là, je vais vous sauver ! Luke Skywalker
68%
Je n'ai pas peur. Luke Skywalker
66%
Il y en a toujours un pour manger l'autre Qui-Gon Jinn
56%
Mais, tu l’as déjà fait Luke ! Anakin Skywalker
53%
Oh mon cher ami, tu m'as tellement manqué! C-3PO
30%
Aucun quiz correspondant
Distribution des résultats
% des personnes avec chaque résultat
Percentile par nombre de réponses
Votre historique - résultats
Vous n’avez pas pris ce quiz depuis la dernière actualisation